书目信息 |
| 题名: |
中国近代图书事业史
|
|
| 作者: | 来新夏 著 | |
| 分册: | ||
| 出版信息: | 上海 上海人民出版社 2000 |
|
| 页数: | 416页 | |
| 开本: | 21cm | |
| 丛书名: | ||
| 单 册: | ||
| 中图分类: | G259.295 | |
| 科图分类: | ||
| 主题词: | 图书馆事业--文化史--中国--近代 | |
| 电子资源: | ||
| ISBN: | 7-208-03610-1 | |
| 000 | 00600nam0 2200205 450 | |
| 001 | 0536237578 | |
| 005 | 20051108101418.64 | |
| 010 | @a7-208-03610-1@dCNY24.00 | |
| 092 | @aCN | |
| 100 | @a20051108d2000 km y0chiy0120 ea | |
| 101 | 0 | @achi |
| 102 | @aCN@b310000 | |
| 200 | 1 | @a中国近代图书事业史@Azhong guo jin dai tu shu shi ye shi@f来新夏等著@Flai xin xia deng zhu |
| 210 | @a上海@c上海人民出版社@d2000 | |
| 215 | 1 | @a416页@d21cm |
| 606 | 0 | @a图书馆事业@x文化史@y中国@z近代 |
| 690 | @aG259.295@v4 | |
| 701 | 0 | @a来新夏@Alai xin xia@4著 |
| 801 | 0 | @aCN@bPFT@c20051108 |
| 905 | @a10447@dG259.295@e18 | |
| 中国近代图书事业史/来新夏等著.-上海:上海人民出版社,2000 |
| 416页;21cm |
| ISBN 7-208-03610-1:CNY24.00 |
| ● |
| 相关链接 |
|
|
|
|
正题名:中国近代图书事业史
索取号:G259.295/18
 
预约/预借
| 序号 | 登录号 | 条形码 | 馆藏地/架位号 | 状态 | 备注 |
| 1 | 0337826 | 203378264 | 第一样本阅览室/ [索取号:G259.295/18] | 在馆 |